Securing Pakistan : (Record no. 616307)

000 -LEADER
fixed length control field 01417cam a2200409 i 4500
001 - CONTROL NUMBER
control field 21853085
003 - CONTROL NUMBER IDENTIFIER
control field NUST
005 - DATE AND TIME OF LATEST TRANSACTION
control field 20260219102815.0
008 - FIXED-LENGTH DATA ELEMENTS--GENERAL INFORMATION
fixed length control field 201228s2021 pk d b 000 0 eng
010 ## - LIBRARY OF CONGRESS CONTROL NUMBER
LC control number 2020370214
020 ## - INTERNATIONAL STANDARD BOOK NUMBER
International Standard Book Number 9789696379652
037 ## - SOURCE OF ACQUISITION
Source of stock number/acquisition Library of Congress -- Islamabad Overseas Office
038 ## - RECORD CONTENT LICENSOR
Staff Name Muhammad Ibrahim
040 ## - CATALOGING SOURCE
Original cataloging agency DLC
Language of cataloging eng
Transcribing agency DLC
Description conventions rda
042 ## - AUTHENTICATION CODE
Authentication code lcode
-- pcc
043 ## - GEOGRAPHIC AREA CODE
Geographic area code a-pk---
050 00 - LIBRARY OF CONGRESS CALL NUMBER
Classification number HV6433.P18
Item number M35 2021
082 ## - DEWEY DECIMAL CLASSIFICATION NUMBER
Classification number 363.325095491
Author Mark MAK 2021
100 1# - MAIN ENTRY--PERSONAL NAME
Personal name Makki, Muhammad,
Relator term author.
9 (RLIN) 81279
245 10 - TITLE STATEMENT
Title Securing Pakistan :
Remainder of title making sense of the fundamental of counter-terrorism and counter violent extremism /
Statement of responsibility, etc. Muhammad Makki & Tughral Yamin.
250 ## - EDITION STATEMENT
Edition statement First edition.
264 #1 - PRODUCTION, PUBLICATION, DISTRIBUTION, MANUFACTURE, AND COPYRIGHT NOTICE
Place of production, publication, distribution, manufacture Karachi :
Name of producer, publisher, distributor, manufacturer Parmount Books,
Date of production, publication, distribution, manufacture, or copyright notice 2021.
300 ## - PHYSICAL DESCRIPTION
Extent xx, 311 pages :
Other physical details charts ;
Dimensions 23 cm
336 ## - CONTENT TYPE
Content type term text
Content type code txt
Source rdacontent
337 ## - MEDIA TYPE
Media type term unmediated
Media type code n
Source rdamedia
338 ## - CARRIER TYPE
Carrier type term volume
Carrier type code nc
Source rdacarrier
504 ## - BIBLIOGRAPHY, ETC. NOTE
Bibliography, etc. note Includes bibliographical references (pages 270-311).
563 ## - BINDING INFORMATION
Binding note HB
650 #0 - SUBJECT ADDED ENTRY--TOPICAL TERM
Topical term or geographic name entry element Terrorism
Geographic subdivision Pakistan
General subdivision Prevention.
9 (RLIN) 12982
650 #0 - SUBJECT ADDED ENTRY--TOPICAL TERM
Topical term or geographic name entry element Radicalism
Geographic subdivision Pakistan.
9 (RLIN) 81280
650 #0 - SUBJECT ADDED ENTRY--TOPICAL TERM
Topical term or geographic name entry element Radicalization.
9 (RLIN) 81281
650 #0 - SUBJECT ADDED ENTRY--TOPICAL TERM
Topical term or geographic name entry element Internal security
Geographic subdivision Pakistan.
9 (RLIN) 1622
700 1# - ADDED ENTRY--PERSONAL NAME
Personal name Yamin, Tughral,
Relator term author.
9 (RLIN) 1533
906 ## - LOCAL DATA ELEMENT F, LDF (RLIN)
a 7
b cbc
c origode
d 3
e ncip
f 20
g y-gencatlg
942 ## - ADDED ENTRY ELEMENTS (KOHA)
Source of classification or shelving scheme
Koha item type Book
Edition 1st

No items available.

© 2023 Central Library, National University of Sciences and Technology. All Rights Reserved.